Normal view
MARC view
Entry Corporate Name
001 - CONTROL NUMBER
- control field: 29663
003 - CONTROL NUMBER IDENTIFIER
- control field: dpl
005 - DATE AND TIME OF LATEST TRANSACTION
- control field: 20110718142336.0
008 - FIXED-LENGTH DATA ELEMENTS
- fixed length control field: 110718|||a|||||| | ||| d
040 ## - CATALOGING SOURCE
- Original cataloging agency: dpl
- Transcribing agency: dpl
110 ## - HEADING--CORPORATE NAME
- Corporate name or jurisdiction name as entry element: Pritchard-Jones, Sian
670 ## - SOURCE DATA FOUND
- Source citation: Work cat.: (dpl): Gibbons, Bob 29661, Krishnamurti his life and teachings, 1995
670 ## - SOURCE DATA FOUND
- Source citation: Work cat.: (dpl): Gibbons, Bob 29661, Krishnamurti his life and teachings, 1995
